| 000 | 00900nam a2200229Ia 4500 | ||
|---|---|---|---|
| 999 |
_c40175 _d40175 |
||
| 001 | 6781 | ||
| 003 | GE_BSU | ||
| 005 | 20191230120942.0 | ||
| 008 | 181216s19 ||||ge |||||||||||||| ||ge || | ||
| 040 | _cGE_BSU | ||
| 041 | _ageo | ||
| 080 | _a821.353.1-312.6 გ-59 | ||
| 100 |
_aგოგიავა, კლიმენტი. _95998 |
||
| 245 |
_aილიაობა : _bბიოგრაფიული რომანი / _cკლიმენტი გოგიავა ; რედ. მ. წიკლაური. |
||
| 264 |
_aთბილისი : _bსაბჭ.საქართველო, _c1973. |
||
| 300 |
_a357 გვ. ; _c20 სმ. |
||
| 653 | _aბიოგრაფიული რომანი | ||
| 653 | _aილიაობა | ||
| 653 | _aრომანი | ||
| 700 |
_aწიკლაური, მ. _eრედაქტორი _93861 |
||
| 942 |
_cBK _2udc |
||